LEADER 01018nam a2200265 i 4500 001 000000222021 003 CaOOAMICUS 005 20130828000000.0 008 130828s2010 it u000 u ita u 013 $a200918 020 $a978-88-17-04508-7 040 $aSeMil$bita 100 1 $aSocci, Antonio <1959- >.$0(OLS)http://semarc/name/43083 245 10$aCaterina :$bdiario di un padre nella tempesta /$cAntonio Socci. 260 $aMilano :$bRizzoli,$c2010. 300 $a211 p. ;$c23 cm. 500 $aFondo card. C. M. Martini. 650 4$aSocci, Caterina.$0(OLS)http://semarc/subject/40736 850 $aSeMil 852 $aSeMil$W1$xVenegono$y1$m3J III 399$j172370$B172370$CSeMilBibl$Z2$F185316 $81 941 1 $a4 961 $aLascito: Martini Card. Carlo Maria 996 $6020$a978-88-17-04508-7$9(OLS)http://semarc/number/221353 996 $6245$aCaterina :$bdiario di un padre nella tempesta$9(OLS)http://semarc/title/318322 996 $6260$aMilano :$bRizzoli$9(OLS)http://semarc/publisher/29824 LEADER 00854nam a2200193 i 4500 001 000000188462 003 CaOOAMICUS 005 20100412000000.0 008 100412s1940 it u000 u ita u 013 $a166646 040 $aSeMil$bita 245 10$aNel quinto centenario della morte di Santa Francesca Romana :$b1440 - 1940. 260 $aRoma :$bTor De' Specchi,$c1940. 300 $a102 p., [1] p. di ritratto :$bill. ;$c24 cm. 600 04$aFrancesca : Romana .$0(OLS)http://semarc/subject/10487 850 $aSeMil 852 $aSeMil$W1$xVenegono$y1$m3H VI 62$j139106$B139106$CSeMilBibl$Z2$F150696 $81 996 $6245$aNel quinto centenario della morte di Santa Francesca Romana :$b1440 - 1940$9(OLS)http://semarc/title/271227 996 $6260$aRoma :$bTor De' Specchi$9(OLS)http://semarc/publisher/50078